Either/Or in 30: Famous Siblings Quiz Stats

 Plays Quiz Updated Jun 4, 2019

Score 0/13 Timer 00:30
0 Plays Today
Question Answer Wrong Answers
Ben Affleck Casey
83.8%
Corey
4%
Wynonna Judd Ashley
83.7%
Abbie
4%
Groucho Marx Harpo
82.8%
Hippo
4.4%
Jane Fonda Peter
82.8%
Perry
4.8%
John Belushi James
80.5%
Jason
6.9%
Hilary Duff Haylie
80.1%
Baylie
7%
Julia Roberts Eric
79.5%
Derrick
8%
John Cusack Joan
79%
Jane
8.4%
Donny Osmond Marie
78.5%
Mary
8.8%
Rob Lowe Chad
76.7%
Chaz
9.9%
George Gershwin Ira
72.4%
Ida
14.8%
Liam Gallagher Noel
70.8%
Neal
16.3%
Bryant Gumbel Greg
67%
Craig
19.3%

You're not logged in!

Compare scores with friends on all Sporcle quizzes.
OR
Log In

Sporcle TV

Today on Sporcle TV


Watch our educational content, quiz creation guides, and fun videos on Sporcle TV.

Show Comments

Extras

Top Quizzes Today


Score Distribution

Your Account Isn't Verified!

In order to create a playlist on Sporcle, you need to verify the email address you used during registration. Go to your Sporcle Settings to finish the process.

Report this User

Report this user for behavior that violates our Community Guidelines.

Details: